Over/Under: Harry Potter Quiz Stats

 Plays Quiz Updated Feb 7, 2017

Also try: Harry Potter A-Z
Challenge
Share
Tweet
Embed
Score 0/24 Timer 03:00
6 Plays Today
Question and Number Actual is Over or Under % Correct
Hogwarts houses: 6???
89.1%
Voldemort's horcruxes: 13???
88.9%
Weasley children: 5???
88.5%
Harry's age when entering Hogwarts: 13???
88.2%
Unforgivable curses: 4???
83.5%
Hogwarts Express platform: 12 1/2???
83.3%
Points for catching the snitch: 100???
81.7%
Wizarding age of majority: 18???
81.2%
Named house elves in 7 books: 3???
79.2%
Years Sirius Black spent in Azkaban: 14???
74.9%
Sirius' Grimmauld Place address: 10???
74.8%
Hermione Granger O.W.L.'s: 8???
72.4%
Question and Number Actual is Over or Under % Correct
Age of N. Flamel at death: 550???
72.3%
Gringotts Philosopher's Stone Vault: 814???
71.9%
Floor where Room of Requirement is: 3???
71.6%
# of Lockhart books assigned in Yr. 2: 5???
69.2%
Dursley's Privet Drive address: 7???
67.3%
Points awarded to Harry at Yr. 1 feast: 55???
64%
Sickles in a Galleon: 25???
61.7%
Points awarded Harry in 2nd Triwizard task: 40???
60.8%
Year in which Harry was born: 1985???
55.4%
Members of the D.A.: 21???
53%
Knuts in a Sickle: 25???
46.8%
Times Harry is mentioned in books: 25,000???
41.1%

You're not logged in!

Compare scores with friends on all Sporcle quizzes.
Join for Free
OR
Log In

You Might Also Like...

Show Comments

Extras

Top Quizzes Today


Score Distribution

Your Account Isn't Verified!

In order to create a playlist on Sporcle, you need to verify the email address you used during registration. Go to your Sporcle Settings to finish the process.

Report this User

Report this user for behavior that violates our Community Guidelines.

Details: